000 01418aam a2200313 i 4500
999 _c46114
_d46114
001 768714001
003 CO-MdFUSB
005 20201028124511.0
007 ta
008 200518t1983 enk |||| |||| 00| 0 eng d
020 _a0717113248
040 _bspa.
_aCO-MdFUSB
_cCO-MdFUSB
_dCO-MdFUSBC
_erda
041 _aeng
082 _223
_a231.74
_bD883
100 1 _aDulles, Avery
_eautor
245 1 0 _aModels of revelation
_c/ Avery Dulles
264 1 _aDublin, Ireland :
_bGill and Macmillan,
_c[1983]
264 4 _c© 1983
300 _axxi, 344 páginas
_c; 21 cm
336 _atexto
_btxt
_2rdacontent
337 _2rdamedia
_asin mediación
_bn
338 _2rdacarrier
_avolumen
_bnc
505 _aEl problema de revelación - El uso de modelos en la teología de la revelación - Revelación como doctrina - Revelación como historia - Revelación como experiencia interior - Revelación como una presencia dialéctica - Revelación como una nueva conciencia - Los modelos comparados - Mediación simbólica - Cristo la cumbre de la revelación - Revelación y las religiones - La Biblia: Documento de la revelación - La iglesia: Portador de la revelación - Revelación y la escatología - La aceptación de la revelación - Revelación en su valor actual.
563 _aRústico
650 7 _9395
_aRevelación en la Biblia
_xTeología
942 _cBK
945 _aJTF-925